| 000 | 01107nam a2200289Ia 4500 | ||
|---|---|---|---|
| 003 | OSt | ||
| 005 | 20221005103606.0 | ||
| 006 | a|||||r|||| 00| 0 | ||
| 007 | ta | ||
| 008 | 221004b |||||||| |||| 00| 0 san d | ||
| 020 |
_a9789385593178 (hbk) _c450 |
||
| 024 | _a26315 | ||
| 037 |
_b102, 09/03/2016, Mallika Books _cTextual |
||
| 040 |
_aCRL _cCRL _bsan |
||
| 041 |
_2san _asan |
||
| 082 | _aO15v, 152N9;Q6.2 | ||
| 100 | _aगोयल, प्रीति प्रभा | ||
| 245 | 0 | _aसंस्कृत साहित्य का इतिहास | |
| 246 | _aSanskṛut sāhitya kā itihāsa | ||
| 250 | _aपॉंचवा संशोधित संस्करण | ||
| 260 |
_aजोधपुर _bराजस्थानी ग्रन्थागार भारत _c2016 |
||
| 300 |
_a390पृ0 _ccm. |
||
| 490 | _vखण्ड 2 | ||
| 650 | _aसंस्कृत साहित्य | ||
| 942 |
_hO15v, 152N9;Q6.2 _cTEXL _2cc |
||
| 999 |
_c1010372 _d1010372 |
||